000 00260nam a22001217a 4500
008 181008b xxu||||| |||| 00| 0 eng d
041 _aeng
080 _a616.12-008
100 _a7
101 _aKAR
245 _aRegional Block
_cMoore,D.C
942 _2udc
_cBK
999 _c48998
_d48998